A Front Office részleg újításának lehetőségei a Premium Apartmanházban

Bibliográfiai részletek
Szerző: Lukács Kristina
További közreműködők: Schablik dr Vilmos
Dokumentumtípus: Projektmunka
Kulcsszavak:Projektmunka
Front Office
Apartmanház
újítás
lehetőségek
Online Access:http://dolgozattar.uni-bge.hu/12079

MARC

LEADER 00000nnm a2200000 i 4500
001 dolg12079
005 20170619142802.0
008 170517suuuu hu o 000 hun d
040 |a BGE Dolgozattár Repozitórium  |b hun 
041 |a hu 
100 1 |a Lukács Kristina 
245 1 2 |a A Front Office részleg újításának lehetőségei a Premium Apartmanházban  |c Lukács Kristina  |h [elektronikus dokumentum] 
246 1 1 |a A Front Office részleg újításának lehetőségei a Premium Apartmanházban 
516 |a Project_work 
695 |a Projektmunka 
695 |a Front Office 
695 |a Apartmanház 
695 |a újítás 
695 |a lehetőségek 
700 1 |a Schablik dr Vilmos  |e ths 
856 4 0 |u http://dolgozattar.uni-bge.hu/12079/1/Luk%C3%A1cs%20Kristina%20projektmunka%20v%C3%A9gleges.pdf  |z Dokumentum-elérés